Long Waves of Growth, Hegemonic Power, and Climate Change in the World Economy Dutch, British, US and Chinese Capitalism and Structural Polycrises
Salvato in:
| Autore principale: | |
|---|---|
| Natura: | Libro |
| Lingua: | inglese |
| Pubblicazione: |
Singapore
Springer
2025
|
| Soggetti: | |
| Tags: |
Nessun Tag, puoi essere il primo ad aggiungerne!!
|
MARC
| LEADER | 00000nam a2200000 4500 | ||
|---|---|---|---|
| 001 | 0312790 | ||
| 005 | 20251020132141.9 | ||
| 020 | |a 9789819641321 | ||
| 041 | 0 | |a eng | |
| 044 | |a SG | ||
| 245 | 1 | 0 | |a Long Waves of Growth, Hegemonic Power, and Climate Change in the World Economy |b Dutch, British, US and Chinese Capitalism and Structural Polycrises |c Phillip Anthony O'Hara |
| 264 | 1 | |a Singapore |b Springer |c 2025 | |
| 300 | |a 891 s. | ||
| 500 | |a ProQuest e-books. | ||
| 610 | 2 | 0 | |a hospodárstvo svetové |
| 610 | 2 | 0 | |a zmeny klimatické |
| 610 | 2 | 0 | |a kapitalizmus |
| 610 | 2 | 0 | |a geopolitika |
| 610 | 2 | 0 | |a dejiny hospodárske |
| 610 | 2 | 0 | |a rast hospodársky |
| 610 | 2 | 0 | |a kríza hospodárska |
| 100 | 1 | |a O'Hara, Phillip Anthony | |